| 000 | 01225cad a22002775a 4500 | ||
|---|---|---|---|
| 001 | L151707 | ||
| 008 | 101203s2010 xxk f 000 0 eng d | ||
| 020 | _a9781409826262 | ||
| 035 | _a(Sirsi) u151707 | ||
| 041 | 0 | _aeng | |
| 050 | 0 | 4 | _a306.1 $2 18 |
| 100 | 1 | _aBramley, Glen | |
| 245 | 0 | 0 |
_aEstimating housing need _h[electronic resources] |
| 260 |
_aLondon _bDCLG _c2010 |
||
| 505 | 2 | _aIntroduction -- Housing need concept and past research -- Incidence and drivers of different needs Housing related support -- Household formation mobility and tenure choice -- Constructing an overall simulationl -- Modelling housing need scenarios -- Overall conclusions | |
| 520 | _aUses behavioural models and baseline evidence to produce medium term conditinal forecasts of housing outputs subject to a wide range of user-controlled assumptions or policy input. | ||
| 590 | _aKA | ||
| 651 | 4 |
_aEngland _y886- |
|
| 690 |
_aResidential property _96266 |
||
| 700 | 1 | _aPawson, Hal | |
| 700 | 1 | _aWhite, Michael | |
| 700 | 1 | _aWatkins, David | |
| 700 | 1 | _aPleace, Nicholas | |
| 856 | 4 | 0 |
_uhttps://www.communities.gov.uk/documents/housing/pdf/1776873.pdf _zView this item free of charge at www.communities.gov.uk |
| 942 | _n0 | ||
| 999 |
_c111555 _d111555 |
||